[Event "Torneio Internacional da Amizade"]
[Site "Sao Paulo BRA"]
[Date "2008.08.28"]
[Round "6.3"]
[White "Perdomo, Leandro"]
[Black "Terao, Juliana Sayumi"]
[Result "1-0"]
[WhiteElo "2376"]
[BlackElo "2094"]
[PlyCount "97"]
[EventDate "2008.08.23"]
[EventType "swiss"]
[EventRounds "9"]
[EventCountry "BRA"]
[Source "lmi"]
[SourceDate "2008.08.23"]

1. g3 Nf6 2. Bg2 d5 3. Nf3 g6 4. O-O Bg7 5. d3 O-O 6. Nbd2 Nbd7 7. e4 dxe4 8.
dxe4 e5 9. b3 Qe7 10. a4 Rd8 11. Ba3 Qe8 12. a5 Nb8 13. Qe2 a6 14. Bb2 Nc6 15.
h3 Nh5 16. Rfe1 Bd7 17. Nc4 f6 18. Ne3 Be6 19. Nd5 Qf7 20. c4 Bf8 21. Qe3 Bd6
22. Bc3 Qf8 23. Kh2 Rac8 24. Rab1 Bc5 25. Qe2 Nb4 26. Qd2 Nxd5 27. exd5 c6 28.
Nh4 cxd5 29. cxd5 Bf7 30. Rbc1 Qd6 31. b4 Ba7 32. Bb2 Rxc1 33. Rxc1 f5 34. Re1
Re8 35. Nf3 Qxd5 36. Qxd5 Bxd5 37. Nxe5 Bxg2 38. Kxg2 Nf6 39. Rd1 Ne4 40. f3
Nf6 41. g4 fxg4 42. hxg4 Rc8 43. Kh3 Rc2 44. Ba1 Be3 45. Rd8+ Kg7 46. Nd3 Bg1
47. Rd7+ Kf8 48. Bxf6 Be3 49. Ne5 1-0

[Event "Torneio Internacional da Amizade"]
[Site "Sao Paulo BRA"]
[Date "2008.08.28"]
[Round "6.4"]
[White "Tsuboi, Edson Kenji"]
[Black "Calcado, Acyr Rogerio"]
[Result "1-0"]
[WhiteElo "2356"]
[BlackElo "2213"]
[PlyCount "31"]
[EventDate "2008.08.23"]
[EventType "swiss"]
[EventRounds "9"]
[EventCountry "BRA"]
[Source "lmi"]
[SourceDate "2008.08.23"]

1. e4 e5 2. Nf3 Nc6 3. Bb5 Bc5 4. c3 f5 5. d4 exd4 6. e5 d3 7. O-O d5 8. exd6
Qxd6 9. Re1+ Nge7 10. b4 Bb6 11. Qb3 h6 12. c4 Bd4 13. Nxd4 Qxd4 14. Bb2 d2 15.
Bxc6+ bxc6 16. Rxe7+ 1-0

[Event "Torneio Internacional da Amizade"]
[Site "Sao Paulo BRA"]
[Date "2008.08.28"]
[Round "6.5"]
[White "Aranha Filho, Alvaro Z"]
[Black "Oliveira, Silvio Eduardo"]
[Result "1/2-1/2"]
[WhiteElo "2291"]
[BlackElo "2323"]
[PlyCount "45"]
[EventDate "2008.08.23"]
[EventType "swiss"]
[EventRounds "9"]
[EventCountry "BRA"]
[Source "lmi"]
[SourceDate "2008.08.23"]

1. d4 Nf6 2. Nf3 e6 3. c4 c5 4. e3 a6 5. Nc3 d5 6. a3 Nc6 7. dxc5 Bxc5 8. b4
Ba7 9. Bb2 O-O 10. Be2 Qe7 11. O-O Rd8 12. Qc2 Bd7 13. Rfd1 Rac8 14. Qb3 dxc4
15. Bxc4 b5 16. Bd3 e5 17. Ng5 Bg4 18. Be2 Bf5 19. Rxd8+ Rxd8 20. Rd1 Rc8 21.
Nf3 e4 22. Nd2 Rd8 23. Nf1 1/2-1/2

[Event "Torneio Internacional da Amizade"]
[Site "Sao Paulo BRA"]
[Date "2008.08.29"]
[Round "7.1"]
[White "Vescovi, Giovanni"]
[Black "Teixeira, Ricardo Da Silva"]
[Result "1-0"]
[WhiteElo "2631"]
[BlackElo "2377"]
[PlyCount "77"]
[EventDate "2008.08.23"]
[EventType "swiss"]
[EventRounds "9"]
[EventCountry "BRA"]
[Source "lmi"]
[SourceDate "2008.08.23"]

1. e4 e6 2. d4 d5 3. Nc3 Bb4 4. e5 c5 5. a3 Bxc3+ 6. bxc3 Ne7 7. Qg4 O-O 8. Nf3
Nbc6 9. Bd3 f5 10. exf6 Rxf6 11. Bg5 e5 12. Bxh7+ Kxh7 13. Qh5+ Kg8 14. Bxf6
gxf6 15. dxe5 Qf8 16. O-O Bf5 17. Rfe1 Qg7 18. exf6 Qxf6 19. Nh4 Rf8 20. Nxf5
Qxf5 21. Qe2 Rf7 22. Rad1 d4 23. Rd3 dxc3 24. Rxc3 Nd4 25. Qd2 Rg7 26. Rg3 Rxg3
27. hxg3 Kf7 28. c3 Ndc6 29. Qe2 b6 30. g4 Qd5 31. f4 Qd6 32. g5 Kg7 33. Qe4
Qd2 34. Re3 Nf5 35. Rd3 Qc1+ 36. Kh2 Nce7 37. Rd7 Kf8 38. Qe5 Qc2 39. Rd8+ 1-0

[Event "Torneio Internacional da Amizade"]
[Site "Sao Paulo BRA"]
[Date "2008.08.29"]
[Round "7.2"]
[White "Perdomo, Leandro"]
[Black "Fusco, Leonardo"]
[Result "1/2-1/2"]
[WhiteElo "2376"]
[BlackElo "2392"]
[PlyCount "22"]
[EventDate "2008.08.23"]
[EventType "swiss"]
[EventRounds "9"]
[EventCountry "BRA"]
[Source "lmi"]
[SourceDate "2008.08.23"]

1. d4 d5 2. c4 e6 3. Nc3 Be7 4. Nf3 Nf6 5. cxd5 exd5 6. Bg5 c6 7. e3 Bf5 8. Bd3
Bxd3 9. Qxd3 Nbd7 10. O-O Nh5 11. Bxe7 Qxe7 1/2-1/2

[Event "Torneio Internacional da Amizade"]
[Site "Sao Paulo BRA"]
[Date "2008.08.29"]
[Round "7.4"]
[White "Santos, Marcus Vinicius Mor"]
[Black "Aranha Filho, Alvaro Z"]
[Result "1/2-1/2"]
[WhiteElo "2403"]
[BlackElo "2291"]
[PlyCount "87"]
[EventDate "2008.08.23"]
[EventType "swiss"]
[EventRounds "9"]
[EventCountry "BRA"]
[Source "lmi"]
[SourceDate "2008.08.23"]

1. e4 e5 2. Nf3 Nf6 3. Nxe5 d6 4. Nf3 Nxe4 5. d4 d5 6. Bd3 Nc6 7. O-O Be7 8. c4
Nf6 9. Nc3 Nb4 10. Be2 dxc4 11. Bxc4 c6 12. a3 Nbd5 13. Qd3 O-O 14. Bd2 h6 15.
Ne5 Be6 16. Rfe1 Re8 17. Qg3 Nh5 18. Qf3 Nhf6 19. Rad1 Nc7 20. Bxe6 Nxe6 21.
Qg3 Kf8 22. Ng6+ fxg6 23. Rxe6 Kf7 24. d5 cxd5 25. Rde1 Qd7 26. Qd3 Rad8 27.
R1e5 Bc5 28. Rxe8 Rxe8 29. Rxe8 Qxe8 30. Nxd5 Qe4 31. Nf4 Qxd3 32. Nxd3 Bd6 33.
Be3 b6 34. Kf1 g5 35. h3 g4 36. h4 g3 37. f4 Nd5 38. Ke2 Ke6 39. Bd4 g6 40. Kf3
Kf5 41. Be5 Bxe5 42. fxe5 Ne7 43. Kxg3 Nc6 44. Kf3 1/2-1/2

[Event "Torneio Internacional da Amizade"]
[Site "Sao Paulo BRA"]
[Date "2008.08.29"]
[Round "7.5"]
[White "Prates, Fabiano Fortes"]
[Black "De Souza, Mauro Guimaraes"]
[Result "1-0"]
[WhiteElo "2293"]
[BlackElo "2317"]
[PlyCount "77"]
[EventDate "2008.08.23"]
[EventType "swiss"]
[EventRounds "9"]
[EventCountry "BRA"]
[Source "lmi"]
[SourceDate "2008.08.23"]

1. e4 c5 2. Nf3 d6 3. c3 Nf6 4. Bd3 Bg4 5. h3 Bxf3 6. Qxf3 Nc6 7. Bc2 g6 8. O-O
Bg7 9. d3 O-O 10. Nd2 b5 11. Nb3 Nd7 12. Be3 a5 13. a4 b4 14. d4 bxc3 15. bxc3
cxd4 16. Nxd4 Rc8 17. Qe2 Nce5 18. f4 Nc4 19. Bf2 e5 20. fxe5 Ndxe5 21. Nb5 Qg5
22. Rad1 Bh6 23. Rfe1 Rfd8 24. Rd5 Qf4 25. Kh1 Bg5 26. Red1 Bh4 27. Bg1 Bg3 28.
Rf1 Qh4 29. Bb3 Rd7 30. Rd4 Nb6 31. Rxd6 Rxd6 32. Nxd6 Rxc3 33. Qa2 Nbd7 34.
Bxf7+ Kh8 35. Be6 Qe7 36. Nf7+ Kg7 37. Bxd7 Qxd7 38. Ng5 Rc4 39. Qa3 1-0

[Event "Torneio Internacional da Amizade"]
[Site "Sao Paulo BRA"]
[Date "2008.08.30"]
[Round "8.1"]
[White "Tsuboi, Edson Kenji"]
[Black "Vescovi, Giovanni"]
[Result "1/2-1/2"]
[PlyCount "81"]
[EventDate "2008.08.23"]
[EventType "swiss"]
[EventRounds "9"]
[EventCountry "BRA"]
[Source "lmi"]
[SourceDate "2008.08.23"]
[WhiteElo "2356"]
[BlackElo "2631"]

1. e4 c6 2. d4 d5 3. exd5 cxd5 4. c4 Nf6 5. Nc3 e6 6. Nf3 Be7 7. cxd5 Nxd5 8.
Bd3 Nc6 9. O-O O-O 10. Re1 Bf6 11. Be4 Nce7 12. Qb3 b6 13. Bxd5 Nxd5 14. Nxd5
Qxd5 15. Qxd5 exd5 16. Bg5 Bxg5 17. Nxg5 f6 18. Nf3 Bf5 19. Nd2 Rac8 20. Nf1
Rc7 21. Rac1 Rfc8 22. Rxc7 Rxc7 23. Ne3 Be6 24. Kf1 Kf8 25. Ke2 Ke7 26. Kd2 Kd6
27. Rc1 Re7 28. Rc3 g5 29. g3 h5 30. Rc1 h4 31. g4 Rf7 32. Rf1 f5 33. gxf5 Bxf5
34. Nxf5+ Rxf5 35. Ke3 g4 36. f3 Rf8 37. Rf2 Re8+ 38. Kd3 Rf8 39. Ke3 Re8+ 40.
Kd3 Rf8 41. Ke3 1/2-1/2

[Event "Torneio Internacional da Amizade"]
[Site "Sao Paulo BRA"]
[Date "2008.08.30"]
[Round "8.2"]
[White "Fusco, Leonardo"]
[Black "Prates, Fabiano Fortes"]
[Result "1/2-1/2"]
[PlyCount "63"]
[EventDate "2008.08.23"]
[EventType "swiss"]
[EventRounds "9"]
[EventCountry "BRA"]
[Source "lmi"]
[SourceDate "2008.08.23"]
[WhiteElo "2392"]
[BlackElo "2293"]

1. e4 e6 2. d4 d5 3. Nc3 Nf6 4. Bg5 Be7 5. e5 Nfd7 6. h4 c5 7. Bxe7 Qxe7 8. Nb5
Kd8 9. c3 cxd4 10. cxd4 Qb4+ 11. Qd2 Nc6 12. Qxb4 Nxb4 13. Kd2 Rf8 14. f4 Nb6
15. Nd6 Rb8 16. h5 h6 17. Rh3 Ke7 18. Rg3 Rg8 19. Nf3 Bd7 20. a3 Nc6 21. Bd3 f5
22. b4 Nc8 23. Nxc8+ Rbxc8 24. Rh3 Rgf8 25. Rg1 Rf7 26. g4 fxg4 27. Rxg4 Kf8
28. Bg6 Re7 29. f5 exf5 30. Rf4 Nd8 31. Bxf5 Bxf5 32. Rxf5+ 1/2-1/2

[Event "Torneio Internacional da Amizade"]
[Site "Sao Paulo BRA"]
[Date "2008.08.30"]
[Round "8.3"]
[White "Santos, Marcus Vinicius Moreira"]
[Black "Perdomo, Leandro"]
[Result "0-1"]
[PlyCount "80"]
[EventDate "2008.08.23"]
[EventType "swiss"]
[EventRounds "9"]
[EventCountry "BRA"]
[Source "lmi"]
[SourceDate "2008.08.23"]
[WhiteElo "2403"]
[BlackElo "2376"]

1. e4 e5 2. Nf3 Nc6 3. Bb5 a6 4. Ba4 Nf6 5. O-O b5 6. Bb3 Be7 7. Re1 O-O 8. h3
Bb7 9. d3 h6 10. c3 Re8 11. d4 d6 12. Nbd2 Bf8 13. d5 Ne7 14. Nf1 c6 15. dxc6
Bxc6 16. Ng3 Ng6 17. Bc2 Qc7 18. Nh2 d5 19. exd5 Nxd5 20. Be4 Ndf4 21. Bxc6
Qxc6 22. Bxf4 Nh4 23. Nf3 Nxf3+ 24. Qxf3 Qxf3 25. gxf3 exf4 26. Ne2 g5 27. Nd4
Red8 28. Re4 Bg7 29. Nb3 a5 30. a4 bxa4 31. Raxa4 Rab8 32. Nd4 Rxb2 33. Rxa5
Rc8 34. Ra3 Bxd4 35. Rxd4 Rc2 36. Rd7 Rc1+ 37. Kg2 Re8 38. h4 Ree1 39. hxg5
Rg1+ 40. Kh3 h5 0-1

[Event "Torneio Internacional da Amizade"]
[Site "Sao Paulo BRA"]
[Date "2008.08.30"]
[Round "8.4"]
[White "Teixeira, Ricardo da Silva"]
[Black "Feliciano, Vanessa"]
[Result "1/2-1/2"]
[PlyCount "59"]
[EventDate "2008.08.23"]
[EventType "swiss"]
[EventRounds "9"]
[EventCountry "BRA"]
[Source "lmi"]
[SourceDate "2008.08.23"]
[WhiteElo "2377"]
[BlackElo "2066"]

1. c4 g6 2. Nc3 Bg7 3. d4 d6 4. g3 Nc6 5. d5 Nb8 6. Bg2 e5 7. dxe6 fxe6 8. Nf3
Nc6 9. O-O Nf6 10. e4 O-O 11. Be3 Qe7 12. h3 Bd7 13. Qc2 a5 14. a3 Ne5 15. Nxe5
dxe5 16. Rad1 Bc6 17. Nb5 Nd7 18. Rd2 Rf7 19. Qc3 Nc5 20. Bxc5 Qxc5 21. b4 Qb6
22. bxa5 Qxa5 23. Rd8+ Rf8 24. Rxf8+ Kxf8 25. Qe3 Kg8 26. Rb1 Bf8 27. Qg5 Bxb5
28. cxb5 Qxa3 29. Qxe5 Qa2 30. Qb2 1/2-1/2